000 01136nam2a22002411 4500
001 RU\NLR\INFOCOMM15\1000084015
005 20250617041239.0
035 _a(NLR Aleph) 002437427
090 _a2050913
_c2050913
100 _a20040304d1973 |||y0rusy50 ca
101 0 _arus
102 _aRU
105 _ay |||||||||
200 1 _aЭкспресс-информация
210 _d1973
_aБ. м.
461 0 _1001RU\NLR\INFOCOMM15\1000083951
_12001#$aЖелезнодорожный транспорт$iСтроительство на железных дорогах$fЦНИИ информ., техн.-экон. исслед. и пропаганды ж.-д. трансп.$v1973, Вып.6(63)
_92050480
_cМ.
_d1964-1983
_fЦНИИ информ., техн.-экон. исслед. и пропаганды ж.-д. трансп.
_iСтроительство на железных дорогах
_tЖелезнодорожный транспорт
_x0203-1922
_v1973, Вып.6(63)
801 1 _aRU
_bInfoComm
_c20040304
801 0 _aRU
_bNLR
_gPSBO
852 _aNLR
_jП10/2828
942 _cISSUE
980 _aNB
980 _aRUSPER